Východiská modelovania kongresového a seminárového cestovného ruchu

Salvato in:
Dettagli Bibliografici
Autore principale: Šuterová, Viola, 1957-
Altri autori: Konečná, Anna, 1968-
Natura: Capitolo di libro
Lingua:slovacco
Tags: Aggiungi Tag
Nessun Tag, puoi essere il primo ad aggiungerne!!

MARC

LEADER 00000naa$a2200000$$$4500
001 0122712
005 20240502072403.5
041 0 |a slo 
044 |a SK 
245 1 0 |a Východiská modelovania kongresového a seminárového cestovného ruchu  |c Viola Šuterová, Anna Konečná 
100 1 |a Šuterová, Viola, 1957- 
700 1 |a Konečná, Anna, 1968-